Študijný program Fakulty podnikového manažmentu 1999/2000 Ekonomická univerzita v Bratislave

Salvato in:
Dettagli Bibliografici
Altri autori: Kachaňáková, Anna, Kordošová, Elena
Natura: Libro
Lingua:slovacco
Pubblicazione: Bratislava Vydavateľstvo Ekonóm 1999
Soggetti:
Tags: Aggiungi Tag
Nessun Tag, puoi essere il primo ad aggiungerne!!

MARC

LEADER 00000nam a2200000 4500
001 c113872
005 20230307092703.3
020 |a 80-225-1155-2 
041 0 |a slo 
044 |a SK 
245 1 0 |a Študijný program Fakulty podnikového manažmentu 1999/2000  |b Ekonomická univerzita v Bratislave  |c [zostavili: Anna Kachaňáková, Elena Kordošová] 
264 1 |a Bratislava  |b Vydavateľstvo Ekonóm  |c 1999 
300 |a 148 s. 
610 2 0 |a programy študijné 
610 2 0 |a univerzity 
610 2 0 |a vzdelávanie vysokoškolské 
700 1 |a Kachaňáková, Anna 
700 1 |a Kordošová, Elena